राग-संवेदन (Record no. 3724)

MARC details
000 -LEADER
fixed length control field 01155 a2200241 4500
005 - DATE AND TIME OF LATEST TRANSACTION
control field 20080912104838.0
008 - FIXED-LENGTH DATA ELEMENTS--GENERAL INFORMATION
fixed length control field 080912t xxu||||| |||| 00| 0 hin d
010 ## - LIBRARY OF CONGRESS CONTROL NUMBER
LC control number HIN-79791
020 ## - INTERNATIONAL STANDARD BOOK NUMBER
International Standard Book Number 8173413819
Terms of availability 175.00
035 ## - SYSTEM CONTROL NUMBER
System control number HN-52137
037 ## - SOURCE OF ACQUISITION
Source of stock number/acquisition D.B.Act / pub
082 ## - DEWEY DECIMAL CLASSIFICATION NUMBER
Classification number 821
100 ## - MAIN ENTRY--PERSONAL NAME
Personal name भटनागर, महेंद्र
245 ## - TITLE STATEMENT
Title राग-संवेदन
Statement of responsibility, etc महेंद्र भटनागर अनुवादक पी.आदेश्वर राव
246 ## - VARYING FORM OF TITLE
Remainder of title by Mahendra Bhatnagar
Title proper/short title Raag-Samvedan
260 ## - PUBLICATION, DISTRIBUTION, ETC. (IMPRINT)
Place of publication, distribution, etc दिल्ली
Name of publisher, distributor, etc इण्डियन पब्लिशर्स डिस्ट्रीब्यूटर्स
Date of publication, distribution, etc 2005
270 ## - ADDRESS
Address 156-डी, कमला नगर
City दिल्ली
Postal code 110007
Telephone number 23846233
Fax number 91-11-23846233
300 ## - PHYSICAL DESCRIPTION
Extent 154पृ
Dimensions 22 सेमी (सजिल्द)
650 ## - SUBJECT ADDED ENTRY--TOPICAL TERM
Topical term or geographic name as entry element हिन्दी कविताएँ
650 ## - SUBJECT ADDED ENTRY--TOPICAL TERM
Topical term or geographic name as entry element Hindi Poems
942 ## - ADDED ENTRY ELEMENTS (KOHA)
Institution code [OBSOLETE] dpl
Koha item type Hindi Books
Call number prefix 821 / भटना
Source of classification or shelving scheme Dewey Decimal Classification
Classification part 821
Call number suffix भटना
Holdings
Withdrawn status Lost status Damaged status Not for loan Home library Current library Date acquired Cost, normal purchase price Total Checkouts Full call number Barcode Date last seen Copy number Uniform Resource Identifier Cost, replacement price Price effective from Koha item type
        D.B.Act.Division D.B.Act.Division 12/09/2008 175.00   821 भटना HN-52137 15/09/2008 1 3960 175.00 15/09/2008 Hindi Books

© Delhi Public Library
Hit Counter
free hit counter